| 000 | 00937nam a2200289 a 4500 | ||
|---|---|---|---|
| 999 |
_c7556 _d7556 |
||
| 001 | 991031650329706706 | ||
| 003 | OSt | ||
| 005 | 20211217123633.0 | ||
| 008 | 050415s2005 spc|||||| 000 ||spa|c | ||
| 017 | _aDL M. 9921-2005 | ||
| 020 | _a8423337138 | ||
| 035 | _a(ES-BaCBU).b33050363 | ||
| 035 | _a(OCoLC)803921735 | ||
| 040 |
_aES-BaCBU _bcat _cCDMR |
||
| 090 |
_aPN4784.O24 _bM37 2005 |
||
| 100 |
_aMas de Xaxàs, Xavier _94764 |
||
| 245 | 1 | 0 |
_aMentiras : _bviaje de un periodista a la desinformación / _cXavier Mas de Xaxàs |
| 260 |
_aBarcelona : _bDestino, _ccop. 2005 |
||
| 300 |
_a341 p.; _c23 cm |
||
| 650 | 0 | 4 |
_aMitjans de comunicació de massa _xManipulació |
| 650 | 0 | 0 |
_aDesinformació _94286 |
| 830 | 0 |
_aColección Imago mundi ; _v73 |
|
| 907 |
_a.b33050363 _b01-03-21 _c09-05-08 _d15-04-05 _em _fa _g- _hspa _ispc _j0 _k7 |
||
| 908 |
_aUAB _aUdG _aUJI _aUOC _aURV _aUVic-UCC _aUPF _aURL |
||
| 940 | _aCVA5 | ||
| 942 |
_2udc _cMON |
||